All Mediterranean Sea Cities 800k+ - Statistics

General Stats
  • This quiz has been taken 110 times
  • The average score is 13 of 15
Answer Stats
Population Country City % Correct
5.4 million Spain Barcelona
100%
3 million Greece Athens
98%
4.5 million Egypt Alexandria
97%
2.2 million Lebanon Beirut
97%
2.8 million Italy Rome
97%
4.2 million Israel Tel Aviv
97%
850k France Marseille
96%
959k Italy Naples
96%
3.4 million Algeria Algiers
95%
2.1 million Libya Tripoli
95%
4.3 million Turkey Izmir
91%
809k Spain Valencia
91%
2.5 million Turkey Antalya
75%
1.1 million Israel Haifa
75%
1.8 million Turkey Mersin
38%
No matching quizzes found
Score Distribution
Percent of People with Each Score
Percentile by Number Answered
Your Score History
You have not taken this quiz